Sermones morales predicados delante del Rey (Record no. 8427)

MARC details
000 -CABECERA
campo de control de longitud fija 01101nam a2200289 a 4500
001 - NÚMERO DE CONTROL
campo de control BRCA_8776
005 - FECHA Y HORA DE LA ÚLTIMA TRANSACCIÓN
campo de control 20190320210415.0
008 - DATOS DE LONGITUD FIJA--INFORMACIÓN GENERAL
campo de control de longitud fija 310317s1766----sp-#######---#000-0#spa-#
041 ## - CÓDIGO DE LENGUA
Código de lengua del texto/banda sonora o título independiente spa
044 ## - CÓDIGO DEL PAÍS DE LA ENTIDAD EDITORA/PRODUCTORA
Código MARC del país sp
084 ## - OTRO NÚMERO DE CLASIFICACIÓN
Número de clasificación BE141
Número de documento/Ítem .F54 1776
100 1# - ENTRADA PRINCIPAL--NOMBRE DE PERSONA
Nombre de persona Flechier, Espíritu
Títulos y otros términos asociados al nombre Obispo de Nîmes
Fechas asociadas al nombre 1632-1710
9 (RLIN) 21349
245 10 - MENCIÓN DE TÍTULO
Título Sermones morales predicados delante del Rey
Mención de responsabilidad, etc. por ... Espiritu Flechier; traducidos al castellano por don Juan de Arribas y Soria.
250 ## - MENCIÓN DE EDICIÓN
Mención de edición 2a ed.
260 ## - PUBLICACIÓN, DISTRIBUCIÓN, ETC.
Lugar de publicación, distribución, etc. Madrid
Nombre del editor, distribuidor, etc. En la Oficina de Antonio Fernández
Fecha de publicación, distribución, etc. 1776
300 ## - DESCRIPCIÓN FÍSICA
Extensión [2], 302 p.
Dimensiones 21 x 15 cm.
500 ## - NOTA GENERAL
Nota general Con privilegios
500 ## - NOTA GENERAL
Nota general Se hallará en Casa de Manuel de Godos, Mercader de Libros, en las Gradas de San Felipe el Real
500 ## - NOTA GENERAL
Nota general Estado físico: presenta encuadernación en pergamino
505 0# - NOTA DE CONTENIDO CON FORMATO
Nota de contenido con formato Contenido : t.2. De los morales. -- t.6. De la obra
650 14 - PUNTO DE ACCESO ADICIONAL DE MATERIA--TÉRMINO DE MATERIA
Término de materia o nombre geográfico como elemento de entrada Sermones
9 (RLIN) 21350
700 1# - PUNTO DE ACCESO ADICIONAL--NOMBRE DE PERSONA
Nombre de persona Arribas y Soria, Juan de
Término indicativo de función/relación tr.
9 (RLIN) 21869
700 1# - PUNTO DE ACCESO ADICIONAL--NOMBRE DE PERSONA
Nombre de persona Godos, Manuel de
Término indicativo de función/relación mercader de libros
9 (RLIN) 21870
700 1# - PUNTO DE ACCESO ADICIONAL--NOMBRE DE PERSONA
Nombre de persona Fernández, Antonio
Término indicativo de función/relación Impresor
9 (RLIN) 21871
902 ## - CATALOGADOR
Iniciales CFM
942 ## - ELEMENTOS DE PUNTO DE ACCESO ADICIONAL (KOHA)
Fuente del sistema de clasificación o colocación Library of Congress Classification
Tipo de ítem Koha Libros
Holdings
Estado de retiro Estado de pérdida Estado dañado No para préstamo Localización permanente Ubicación/localización actual Fecha de adquisición Total de préstamos Signatura topográfica completa Código de barras Fecha visto por última vez Precio válido a partir de Tipo de ítem Koha
El ejemplar forma parte de la colección y puede ser consultado según las políticas vigentes.       Biblioteca del Museo Franz Mayer (Rogerio Casas-Alatriste) Biblioteca del Museo Franz Mayer (Rogerio Casas-Alatriste) 31/03/2017   BE141 .F54 1776 CFM00102 22/03/2019 22/03/2019 Libros